| Tag |
First Indicator |
Second Indicator |
Subfields |
| LEADER |
00000cam a2200000 4500 |
| 001 |
in00000072510 |
| 005 |
20151008053433.0 |
| 008 |
750520s1955 nyu 00000 eng |
| 010 |
|
|
|a 55005488
|
| 035 |
|
|
|a (OCoLC)01346478
|
| 035 |
|
|
|9 AAH7425AM
|
| 040 |
|
|
|a DLC
|c ORL
|d OCL
|d TXA
|d UtOrBLW
|
| 049 |
|
|
|a TXAM
|c 1 [A06085615], 2 [A06085623]
|
| 050 |
0 |
0 |
|a BD161
|b .L36
|
| 100 |
1 |
|
|a Leary, Lewis,
|d 1906-1990.
|
| 245 |
1 |
4 |
|a The unity of knowledge.
|
| 264 |
|
1 |
|a Garden City, N.Y. :
|b Doubleday,
|c 1955.
|
| 300 |
|
|
|a xiv, 306 pages ;
|c 25 cm.
|
| 336 |
|
|
|a text
|b txt
|2 rdacontent
|
| 337 |
|
|
|a unmediated
|b n
|2 rdamedia
|
| 338 |
|
|
|a volume
|b nc
|2 rdacarrier
|
| 490 |
1 |
|
|a Columbia University. Bicentennial conference series
|
| 650 |
|
0 |
|a Knowledge, Theory of.
|
| 811 |
2 |
0 |
|a Columbia University Bicentennial Conference.
|t Columbia University Bicentennial Conference series.
|
| 999 |
|
|
|a MARS
|
| 999 |
f |
f |
|s 45efb221-bf95-330e-b4ad-7c156755f573
|i 2488a075-fd53-3d0c-a4dd-8d39adf8b457
|t 0
|
| 952 |
f |
f |
|p ric
|a Texas A&M University
|b Rellis Campus
|c Joint Library Facility
|s JLF
|d Remote Storage
|t 0
|e BD161 L36
|h Library of Congress classification
|i unmediated -- volume
|m A14806085615
|
| 998 |
f |
f |
|a BD161 L36
|t 0
|l Remote Storage
|